گیسو سخن / (Record no. 42141)

MARC details
000 -LEADER
fixed length control field 00955nam a22002537a 4500
005 - DATE AND TIME OF LATEST TRANSACTION
control field 20100816141330.0
008 - FIXED-LENGTH DATA ELEMENTS--GENERAL INFORMATION
fixed length control field 090601t xxu||||| |||| 00| 0 Ur d
010 ## - LCCN (DPL NO)
LC control number UR-7748
020 ## - INTERNATIONAL STANDARD BOOK NUMBER
Terms of availability 100.00
035 ## - SYSTEM CONTROL NUMBER
System control number U-6303
040 ## - CATALOGING SOURCE
Original cataloging agency dpl
Language of cataloging Urdu
082 ## - DEWEY DECIMAL CLASSIFICATION NUMBER
Classification number 841
100 ## - MAIN ENTRY--PERSONAL NAME
9 (RLIN) 13525
Personal name فاروق ظہیر
245 ## - TITLE STATEMENT
Title گیسو سخن /
Statement of responsibility, etc فاروق ظہیر
246 ## - VARYING FORM OF TITLE
Title proper/short title Gesu-e-Sukhan /
Remainder of title by Farooq Zaheer
260 ## - PUBLICATION, DISTRIBUTION, ETC. (IMPRINT)
Place of publication, distribution, etc فاروق ظہیر
Date of publication, distribution, etc 2008
270 ## - ADDRESS
Address Farooq Zaheer
300 ## - PHYSICAL DESCRIPTION
Extent 112 ص
Other physical details 22 س م (Pbk)
700 ## - ADDED ENTRY--PERSONAL NAME
9 (RLIN) 13766
710 ## - ADDED ENTRY--CORPORATE NAME
Corporate name or jurisdiction name as entry element ساحل احمد
9 (RLIN) 13526
942 ## - ADDED ENTRY ELEMENTS (KOHA)
Source of classification or shelving scheme Dewey Decimal Classification
Item type Urdu Bks
Classification part 841
Call number suffix ف ا ر
Holdings
Withdrawn status Lost status Source of classification or shelving scheme Damaged status Not for loan Collection code Home library Current library Date acquired Source of acquisition Cost, normal purchase price Total Checkouts Full call number Barcode Date last seen Copy number Cost, replacement price Koha item type
    Dewey Decimal Classification   Not For Loan Non-fiction D.B.Act.Division D.B.Act.Division 16/08/2010 DBAD/PUB 100.00   841 ف ا ر U-6303 16/08/2010 1 100.00 Urdu Bks

© Delhi Public Library
Hit Counter
free hit counter